000 00801nam a2200253Ia 4500
003 OSt
005 20220925223457.0
006 a|||||r|||| 00| 0
007 ta
008 220923b |||||||| |||| 00| 0 eng d
020 _a9780415420884
_c4295.8999999999996
037 _b348, 29/12/2008, Bharatiya Sahitya Bhavana
_cGeneral Book
040 _aRTL
_cRTL
_beng
041 _2eng
_aeng
082 _aU5, P8
100 _aDavies Jonathan S. Ed.
_9289787
245 0 _aInnovations in urban politics
260 _aLondon
_bRoutledge
_c2008
300 _a146p.
_ccm.
490 _aJournals Of European Public Policy Series
650 _aGeography
942 _hU5, P8
_cGB
_2CC
999 _c579693
_d579693